City to country - Statistics

General Stats
  • This quiz has been taken 66 times
  • The average score is 18 of 25
Answer Stats
Hint Answer % Correct
Cork Ireland
93%
Marrakesh Morocco
93%
Gothenburg Sweden
91%
Odesa Ukraine
89%
Haifa Israel
87%
Barranquilla Colombia
82%
Izmir Turkey
82%
Mombasa Kenya
80%
Mandalay Myanmar
80%
Durban South Africa
80%
Saint Louis United States
80%
Almaty Kazakhstan
78%
Aden Yemen
78%
Daegu South Korea
76%
Aswan Egypt
73%
Lucknow India
73%
Mosul Iraq
71%
Ibadan Nigeria
64%
Davao Philippines
64%
Douala Cameroon
62%
Dammam Saudi Arabia
60%
Kumasi Ghana
58%
Bahia Blanca Argentina
56%
Camaguey Cuba
42%
Medan Indonesia
42%
No matching quizzes found
Score Distribution
Percent of People with Each Score
Percentile by Number Answered
Your Score History
You have not taken this quiz